Pokemon Gym Leaders by City - Statistics

General Stats
  • This quiz has been taken 19 times
  • The average score is 45 of 108
Answer Stats
City Type Answer % Correct
Pewter City Rock Brock
100%
Cerulean City Water Misty
100%
Vermilion City Electric Lt. Surge
92%
Cinnabar Island Fire Blaine
85%
Celadon City Grass Erika
85%
Viridian City Ground Giovanni
77%
Fuchsia City Poison Koga
77%
Saffron City Psychic Sabrina
77%
Sootopolis City Water Wallace
77%
Fortree City Flying Winona
77%
Blackthorn City Dragon Clair
69%
Petalburg City Normal Norman
69%
Rustboro City Rock Roxanne
69%
Mauville City Electric Wattson
69%
Dewford Town Fighting Brawly
62%
Azalea Town Bug Bugsy
62%
Striaton City Grass Cilan
62%
Lumiose City Electric Clemont
62%
Lavaridge Town Fire Flannery
62%
Opelucid (White) Dragon Iris
62%
Mossdeep City Psychic Tate & Liza
62%
Goldenrod City Normal Whitney
62%
Striaton City Fire Chili
54%
Cianwood City Fighting Chuck
54%
Striaon City Water Cress
54%
Nimbasa City Electric Elesa
54%
Violet City Flying Falkner
54%
Eterna City Grass Gardenia
54%
Cyllage City Rock Grant
54%
Olivine City Steel Jasmine
54%
Sootopolis City (Emerald) Water Juan
54%
Akala Island Water Lana
54%
Akala Island Grass Mallow
54%
Ecruteak City Ghost Morty
54%
Mahogany Town Ice Pryce
54%
Mistralton City Flying Skyla
54%
Sunyshore City Electric Volkner
54%
Stow-on-Side (Shield) Ghost Allister
46%
Stow-on-Side (Sword) Fighting Bea
46%
Viridian City (GSC) Mixed Blue
46%
Castelia City Bug Burgh
46%
Asperita City Normal Cheren
46%
Pastoria City Water Crasher Wake
46%
Opelucid (Black) Dragon Drayden
46%
Hearthome City Ghost Fantina
46%
Levincia Electric Iono
46%
Fuchsia City (GSC) Poison Janine
46%
Motostoke Fire Kabu
46%
Akala Island Fire Kiawe
46%
Shalour City Fighting Korrina
46%
Veilstone City Fighting Maylene
46%
Turrfield Grass Milo
46%
Hulbury Water Nessa
46%
Anistar City Psychic Olympia
46%
Ballonlea Fairy Opal
46%
Spikemuth Dark Piers
46%
Hammerlocke Dragon Raihan
46%
Oreburgh City Rock Roark
46%
Ula'ula Island Electric Sophocles
46%
Santalune City Bug Viola
46%
Snowbelle City Ice Wulfric
46%
Snowpoint City Ice Candice
38%
Driftveil City Ground Clay
38%
Circhester (Sword) Rock Gordie
38%
Medali Normal Larry
38%
Nacrene City Normal Lenora
38%
Circhester (Shield) Ice Melony
38%
Coumarine City Grass Ramos
38%
Virbank City Poison Roxie
38%
Montenevera Ghost Ryme
38%
Alfornada Psychic Tulip
38%
Laverre City Fairy Valerie
38%
Ula'ula Island Ghost Acerola
31%
Icirrus City Ice Brycen
31%
Canalave City Steel Byron
31%
Melemele Island Normal Ilima
31%
Cortondo Bug Katy
31%
Humilau City Water Marlon
31%
Poni Island Fairy Mina
31%
Artazon Grass Brassius
23%
Lumiose City Hint: Looker Bureau Emma
23%
Glaseado Mountain Ice Grusha
23%
Cobalt Coastlands Fire / Rock Hisuian Arcanine
23%
Alabaster Icelands Ice / Rock Hisuian Avalugg
23%
Coronet Highlands Electric / Grass Hisuian Electrode
23%
Crimson Mirelands Grass / Fighting Hisuian Lilligant
23%
Obsidian Fieldlands Rock / Bug Kleavor
23%
Cascarrafa Water Kofu
23%
Lumiose City (If Player is Male) Mixed Taunie
23%
Lumiose City Hint: Rank Z Zach
23%
Lumiose City Electric Canari
15%
Lumiose City Poison Corbeau
15%
Lumiose City Hint: Rank X Xavi
15%
Lumiose City Hint: Rank Y Yvon
15%
Lumiose City Fire Grisham
8%
Lumiose City Fighting Ivor
8%
Lumiose City Fairy Jacinthe
8%
Lumiose City Ground Tarragon
8%
Lumiose City (If Player is Female) Mixed Urbaine
8%
Lumiose City Fire Griselle
0%
Lumiose City Ghost Gwynn
0%
Lumiose City Dragon Lebanne
0%
Lumiose City Water Lida
0%
Lumiose City Hint: Canatic Mani
0%
Lumiose City Dark Naveen
0%
Lumiose City Steel Philippe
0%
Lumiose City Hint: Rank W Rintaro
0%
Lumiose City Hint: Quasartico Vinnie
0%
No matching quizzes found
Score Distribution
Percent of People with Each Score
Percentile by Number Answered
Your Score History
You have not taken this quiz